000 00678nam a2200241Ia 4500
008 181129s9999 xx 000 0 und d
020 _a9780545240802
050 _bS543 2008
100 _aSheinkin, Steve
245 0 _aTwo miserable presidents :
245 0 _beverything your school didn't tell you about the civil war /
245 0 _cby Steve Steinkin ; illustrated by Tim Robinson.
260 _aNew York, NY :
260 _bScholastic,
260 _c2008
300 _a244 pages :
300 _billustrations ;
300 _c19cm.
650 _aAmerican Civil War (1861-1865).
650 _aUnited States.
700 _aRobinson, Tim.
700 _aTitle.
999 _c360299
_d360299